000 01033 a2200229 4500
003 Nust
005 20220819084229.0
010 _a 76001936
020 _a0720404371 (American Elsevier)
040 _cNust
082 0 0 _a005.24,MIN
245 1 0 _aMinicomputer software /
_cedited by James R. Bell and C. Gordon Bell
260 _aAmsterdam ;
_aNew York :
_bNorth-Holland Pub. Co. ;
_aNew York :
_bdistributors for the U.S.A. and Canada, American Elsevier Pub. Co.,
_c1976.
300 _axiii, 333 p. :
_bill. ;
_c23 cm.
505 _aIntroduction and overview (Page-1), Production tools 1 system programming language (Page-13), Multi programming and multiprocessing issues 1 (Page-39).
650 0 _aMinicomputers
_xProgramming
_xCongresses.
_998156
650 0 _aProgramming languages (Electronic computers)
_93683
700 1 _aBell, C. Gordon.
_998157
700 1 _aBell, James R.,
_d1942-
_998158
710 2 _aInternational Federation for Information Processing.
_bTechnical Committee 2.
_998159
942 _2ddc
_cBK
_k005.24,MIN
999 _c180404
_d180404